| 000 | 00445cam a2200157 4500 | ||
|---|---|---|---|
| 082 |
_a551.7 _bMOO _cL-15, P-21.: |
||
| 100 | 1 |
_aMoore, Raymond C. _940255 |
|
| 245 | 1 | 0 | _aIntroduction to historical geology. |
| 250 | _a2d ed. | ||
| 260 |
_aNew York, _bMcGraw-Hill, _c1958. |
||
| 300 |
_a656 p. _billus. _c26 cm. |
||
| 526 |
_a0 _b0 _c0 _d551_700000000000000_MOO |
||
| 650 | 0 |
_aGeology, Stratigraphic. _940256 |
|
| 650 | 0 |
_aMCE _9379 |
|
| 942 |
_2ddc _cBK |
||
| 999 |
_c544591 _d544591 |
||